| 000 | 01052nam a2200133Ia 4500 | ||
|---|---|---|---|
| 008 | 220615s9999||||xx |||||||||||||| ||und|| | ||
| 020 | _a9783040000000 | ||
| 245 | 0 | _aMarine Natural Products with Antifouling Activity | |
| 546 | _aEnglish[eng] | ||
| 650 | _abarnacle||cement gland||cyprid adhesive||transcriptome||cement protein||cyanobacteria||uropathogens||anti-adhesive coating||urinary catheters||surface modification||catheter-associated urinary tract infections||antifouling mechanism||antifouling coating||antifoulant||environmentally friendly||polymer||flavonoids||synthesis||click chemistry||biofouling||antifouling||eco-friendly alternatives||elasnin||biofilms||marine||natural products||marine microorganisms||urinary catheter||antibiofilm||coating||chitin||chitosan||marine waste||antimicrobial activity||poly(lactic acid)||active packaging||antifouling compounds||structural optimisation||butenolide||larval attachment assay | ||
| 700 | _aTurk, Tom||Almeida, Joana Reis | ||
| 856 | _uhttps://mdpi.com/books/pdfview/book/4547 | ||
| 942 | _cEB | ||
| 999 |
_c13761 _d13761 |
||